Get to know wedges (Record no. 378603)

MARC details
000 -LEADER
fixed length control field 00253nam a2200097Ia 4500
082 ## - DEWEY DECIMAL CLASSIFICATION NUMBER
Classification number J 621.8 CHRI
008 - FIXED-LENGTH DATA ELEMENTS--GENERAL INFORMATION
fixed length control field 210817s9999 xx 000 0 und d
100 ## - MAIN ENTRY--PERSONAL NAME
Personal name Christiansen, Jennifer New York, 2009
245 #0 - TITLE STATEMENT
Title Get to know wedges
942 ## - ADDED ENTRY ELEMENTS
item type Books
Holdings
Withdrawn status Lost status Damaged status Not for loan Home library Current library Date acquired Cost, normal purchase price Total Checkouts Barcode Date last seen Price effective from item type
        Wakkerstroom Wakkerstroom 20.08.2021 44.00   33228015314105 20.08.2021 20.08.2021 Books